000 00792nab a2200253 u 4500
001 10646
003 HDC
007 cr bn ---aaaaa
008 210205c20120205my dr|nes 0 a may d
040 _aHDC
245 0 _aJus kurma asli janjikan kelainan istimewa
260 _aKuala Lumpur :
_bMedia Mulia Sdn. Bhd.,
_c2012
336 _atext
_2rdacontent
337 _acomputer
_2rdamedia
338 _aonline resource
_2rdacarrier
650 _aHalal product
_948
650 _aHalal product
_948
650 _aHealthy drink
_910937
710 _aKosmo
856 _zRequest full-text at [email protected]
942 _2lcc
942 _cNEWS
942 _kNWSC 003895
999 _c7969
_d7969